| 000 | 01100nam a2200349 i 4500 | ||
|---|---|---|---|
| 001 | 2017937154 | ||
| 003 | DLC | ||
| 005 | 20260219152934.0 | ||
| 008 | 170317s2017 nyua j 000 1 eng | ||
| 010 | _a 2017937154 | ||
| 020 | _a9781481460033 | ||
| 035 | _a(OCoLC)988336275 | ||
| 040 |
_aDLC _beng _cDLC _erda |
||
| 042 | _apcc | ||
| 050 | 0 | 0 |
_aPZ7.R915935 _bMi 2017 |
| 082 | 0 | 0 |
_a[Fic] _223 |
| 092 |
_ajunior fiction _bRussell |
||
| 100 | 1 |
_aRussell, Rachel Renée, _eauthor. _96532709 |
|
| 245 | 1 | 0 |
_aMiddle school mayhem / _cRachel Renee Russell with Nikki Russell. |
| 264 | 1 |
_aNew York, NY : _bAladdin, _c[2017] |
|
| 300 |
_a228 pages : _billustrations ; _c21 cm. |
||
| 336 | _atext | ||
| 336 | _astill image | ||
| 337 | _aunmediated | ||
| 338 | _avolume | ||
| 490 | 0 |
_aThe misadventures of Max Crumbly ; _vbook 2 |
|
| 521 | 1 | _aAges 9-13. | |
| 650 | 0 |
_aHeroes _vJuvenile fiction. |
|
| 650 | 0 |
_aMiddle schools _vJuvenile fiction. _95675274 |
|
| 650 | 0 |
_aCriminals _vJuvenile fiction. _95740122 |
|
| 942 |
_2ddc _cBOOK |
||
| 999 |
_c415934 _d415934 |
||